|
|
|
|
| LEADER |
00862nam a2200229 a 4500 |
| 001 |
2205696 |
| 008 |
091012s1975 njua b 001 0 eng d |
| 010 |
|
|
|a \\\74019151
|
| 020 |
|
|
|a 0135425557
|
| 040 |
|
|
|a DLC
|c DLC
|d DLC
|
| 082 |
0 |
0 |
|a 339
|2 18
|
| 100 |
1 |
|
|a Zahn, Frank,
|d 1936-
|
| 245 |
1 |
0 |
|a Macroeconomic theory and policy /
|c Frank Zahn
|
| 260 |
|
|
|a Englewood Cliffs, N.J. :
|b Prentice-Hall,
|c 1975.
|
| 300 |
|
|
|a xii, 320 p. :
|b illus. ;
|c 24 cm.
|
| 504 |
|
|
|a Includes bibliographical references and index.
|
| 541 |
1 |
|
|e 00002612
|
| 650 |
|
0 |
|a Macroeconomics.
|
| 650 |
|
0 |
|a Economic policy.
|
| 852 |
4 |
|
|a Ayesha Abed Library
|j General shelf
|
| 999 |
|
|
|c 4531
|d 4531
|
| 952 |
|
|
|0 0
|1 0
|2 ddc
|4 0
|6 339_ZAH_197500000000000
|7 0
|9 4262
|a BRACUL
|b BRACUL
|c GEN
|d 2009-10-12
|g 0.00
|l 2
|o 339 ZAH
|p 3010002612
|r 2015-03-22
|s 2015-03-13
|t 1
|w 2009-10-12
|y BK
|x No price found in the accession register.
|